000 00587nam a2200217Ia 4500
001 71631
008 160401s9999 xx 000 0 und d
020 _a9781845692247
040 _cPK-LaUMT
082 _a 610.28
_bMED-
100 _aAnand, S. C.
245 _aMedical and healthcare textiles
_cAnand, S. C.|Miraftab, M.|Kennedy, J. F.|Rajendran, S.
260 _aOxford,UK:
_bWoodhead Publishing,
_c2010
300 _a529 p.
546 _aEN
650 _aBiomedical materials
700 _aKennedy, J. F.
700 _aMiraftab, M.
700 _aRajendran, S.
942 _cBK
999 _c84638
_d84638